| 000 | 00811nam a2200229 a 4500 | ||
|---|---|---|---|
| 001 | 25735 | ||
| 003 | CO-ViMGA | ||
| 008 | 141112s2004 ck r 000 u spa d | ||
| 020 | _a9789588613369 | ||
| 040 |
_aCO-ViMGA _bspa _cCO-ViMGA |
||
| 041 | _aSPA | ||
| 082 | 0 | 4 | _a986.102 S15g |
| 100 | 1 |
_aSantos Molano, Enrique, 1942 - _9682 |
|
| 245 | 1 | 0 |
_aGrandes conspiraciones en la historia de Colombia : _bde los bellacos oidores de 1715 a los políticos traicioneros de 1867 / _cEnrique Santos Molano |
| 250 | _a1a ed., 1a reimpr. | ||
| 260 |
_aBogotá : _bDebate, _c2013 |
||
| 300 | _a271 p. | ||
| 500 | _aIncluye bibliografía | ||
| 650 | 1 | 4 |
_aCONSPIRACIONES - HISTORIA - COLOMBIA _939713 |
| 651 |
_aCOLOMBIA - HISTORIA - 1714 - 1867 / COLOMBIA - Política Y GOBIERNO - 1714 - 1867 _939714 |
||
| 942 |
_2ddc _cBK |
||
| 999 |
_c5302 _d5302 |
||